[Event "Arab Clubs-chT"]
[Site "Monastir"]
[Date "2013.11.05"]
[Round "2.2"]
[White "Belouadah, Saad"]
[Black "Elbaruni, Mohamed"]
[Result "1-0"]
[WhiteElo "2301"]
[BlackElo "2076"]
[PlyCount "57"]
[EventDate "2013.11.04"]
[EventType "team-tourn"]
[EventRounds "9"]
[EventCountry "TUN"]
[SourceTitle "EXT 2014"]
[Source "ChessBase"]
[SourceDate "2013.11.20"]
[SourceVersion "1"]
[SourceVersionDate "2013.11.20"]
[SourceQuality "1"]
[WhiteTeam "ASSN"]
[BlackTeam "Dhahra"]
[WhiteTeamCountry "ALG"]
[BlackTeamCountry "LBY"]

1. d4 d5 2. c4 c6 3. Nc3 Nf6 4. Nf3 a6 5. b3 g6 6. g3 Bg7 7. Bg2 0-0 8. 0-0 b5 9. Ne5 Bb7 10. Ba3 Nfd7 11. cxd5 Nxe5 12. dxe5 Bxe5 13. Rc1 Re8 14. Qd2 a5 15. Bb2 b4 16. Na4 Bxb2 17. Qxb2 cxd5 18. Rfd1 Na6 19. h4 Qd6 20. h5 Rad8 21. h6 e5 22. Bxd5 Bxd5 23. e4 Qf8 24. Rxd5 Qxh6 25. Nb6 Rb8 26. Nd7 Rbc8 27. Nf6+ Kf8 28. Rcd1 Re6 29. Rd8+ 1-0

[Event "Arab Cities-chT"]
[Site "Monastir"]
[Date "2013.10.30"]
[Round "4.2"]
[White "Seffar, Mohamed"]
[Black "Elbaruni, Mohamed"]
[Result "1-0"]
[WhiteElo "2086"]
[BlackElo "2076"]
[PlyCount "83"]
[EventDate "2013.10.27"]
[EventType "team-swiss"]
[EventRounds "7"]
[EventCountry "TUN"]
[SourceTitle "EXT 2014"]
[Source "ChessBase"]
[SourceDate "2013.11.20"]
[SourceVersion "1"]
[SourceVersionDate "2013.11.20"]
[SourceQuality "1"]
[WhiteTeam "NRM"]
[BlackTeam "Tripoli"]
[WhiteTeamCountry "ALG"]
[BlackTeamCountry "LBY"]

1. d4 d5 2. c4 c6 3. Nc3 Nf6 4. Nf3 a6 5. a4 a5 6. e3 Bg4 7. Be2 Na6 8. 0-0 e6 9. h3 Bh5 10. Ne5 Bxe2 11. Qxe2 Bd6 12. e4 c5 13. exd5 cxd4 14. Nb5 0-0 15. dxe6 fxe6 16. Nxd4 Nc5 17. Bg5 Qb6 18. Bxf6 Rxf6 19. Nb5 Be7 20. Rad1 Raf8 21. Kh1 Rf4 22. f3 Rd8 23. Rxd8+ Qxd8 24. Rd1 Qe8 25. Nd3 Rf6 26. Nxc5 Bxc5 27. b3 Qg6 28. Nc3 Bb6 29. Ne4 Rf4 30. c5 Bc7 31. Rd7 Be5 32. Nd2 Rf5 33. Rd8+ Kf7 34. Qb5 Rf4 35. Qe8+ Kf6 36. Ne4+ Qxe4 37. Qf8+ Kg5 38. fxe4 Rxf8 39. Rxf8 Bd4 40. Rf7 Kg6 41. Rxb7 Bxc5 42. Rb5 1-0

[Event "Arab Games"]
[Site "Doha"]
[Date "2011.12.17"]
[Round "5"]
[White "Mansour, Sameer"]
[Black "Elbaruni, Mohamed"]
[Result "1/2-1/2"]
[WhiteElo "2284"]
[BlackElo "2080"]
[PlyCount "168"]
[EventDate "2011.12.13"]
[EventType "team-swiss"]
[EventRounds "9"]
[EventCountry "QAT"]
[SourceTitle "CBM 145 Extra"]
[Source "ChessBase"]
[SourceDate "2012.01.03"]
[SourceVersion "1"]
[SourceVersionDate "2012.01.03"]
[SourceQuality "1"]
[WhiteTeam "Jordan"]
[BlackTeam "Libya"]
[WhiteTeamCountry "JOR"]
[BlackTeamCountry "LBY"]

1. d4 d5 2. c4 c6 3. e3 Nf6 4. Nf3 a6 5. b3 b5 6. Nbd2 Bf5 7. Be2 Ne4 8. Nxe4 Bxe4 9. 0-0 e6 10. Bb2 Bd6 11. Nd2 Bg6 12. Bf3 f5 13. a4 b4 14. g3 Nd7 15. Bg2 a5 16. Qe2 0-0 17. f3 Nf6 18. e4 fxe4 19. fxe4 Bc7 20. cxd5 cxd5 21. e5 Nd7 22. Bh3 Qe7 23. Rac1 Rxf1+ 24. Qxf1 Nf8 25. Qb5 Qg5 26. Nf1 Qh5 27. Bg2 Rb8 28. Qc6 Qe2 29. Ba1 Bd8 30. h4 Be4 31. Bxe4 dxe4 32. Qc2 Qf3 33. Re1 Qd3 34. Qxd3 exd3 35. Rd1 Rc8 36. Rxd3 Rc1 37. Bb2 Rb1 38. Rd2 Bb6 39. Kg2 Ng6 40. Rc2 h5 41. Nd2 Rd1 42. Kf3 Ne7 43. Nc4 Bd8 44. Rd2 Rb1 45. Ne3 Bb6 46. Ke4 Rg1 47. Rg2 Rh1 48. Kd3 Re1 49. Kd2 Rh1 50. Kd3 Re1 51. Rc2 Rg1 52. Rg2 Re1 53. Kd2 Rh1 54. Ke2 Rb1 55. Nc4 Nd5 56. Rf2 Rg1 57. Rf3 Bd8 58. Kd3 Rd1+ 59. Kc2 Rg1 60. Bc1 Nc3 61. Bd2 Ne2 62. Kd3 Nxg3 63. d5 exd5 64. Ne3 Ne4 65. Nxd5 Nxd2 66. Kxd2 Bxh4 67. Kd3 Rg3 68. Ne7+ Kh7 69. Rxg3 Bxg3 70. Ke4 g6 71. Nc6 h4 72. Kf3 Kg7 73. Kg4 g5 74. Nxa5 Bxe5 75. Nc6 Bd6 76. a5 Kf6 77. a6 Bc5 78. a7 Bxa7 79. Nxa7 Ke5 80. Nc6+ Kd5 81. Nxb4+ Kd4 82. Nc2+ Ke4 83. b4 Kd5 84. b5 Kc5 1/2-1/2

[Event "Arab Games blitz"]
[Site "Doha"]
[Date "2011.12.10"]
[Round "4"]
[White "Elbaruni, Mohamed"]
[Black "Shobaita, Talal"]
[Result "1-0"]
[WhiteElo "2080"]
[BlackElo "2162"]
[PlyCount "69"]
[EventDate "2011.12.10"]
[EventType "swiss (blitz)"]
[EventRounds "9"]
[EventCountry "QAT"]
[SourceTitle "CBM 145 Extra"]
[Source "ChessBase"]
[SourceDate "2012.01.03"]
[SourceVersion "1"]
[SourceVersionDate "2012.01.03"]
[SourceQuality "1"]

1. d4 Nf6 2. c4 e6 3. Nf3 c5 4. e3 d5 5. Nc3 Nc6 6. cxd5 exd5 7. Be2 Be7 8. 0-0 Bf5 9. Qb3 cxd4 10. Nxd4 Nxd4 11. exd4 0-0 12. Bf3 Be4 13. Bxe4 dxe4 14. Be3 b6 15. Rfd1 Bd6 16. h3 Re8 17. Rac1 Rc8 18. Qa4 Bb8 19. Ne2 Qd6 20. Bf4 Qd7 21. Qxd7 Nxd7 22. Bxb8 Nxb8 23. Ng3 Rxc1 24. Rxc1 g6 25. Rc7 f5 26. Rxa7 Rd8 27. Rb7 Nc6 28. Rxb6 Nxd4 29. a4 Re8 30. a5 f4 31. Nf1 e3 32. fxe3 fxe3 33. Nxe3 Rxe3 34. a6 Re8 35. a7 1-0

[Event "Olympiad-39"]
[Site "Khanty-Mansiysk"]
[Date "2010.10.01"]
[Round "10.1"]
[White "Chumfwa, Stanley"]
[Black "Elbaruni, Mohamed"]
[Result "1-0"]
[WhiteElo "2315"]
[BlackElo "2053"]
[PlyCount "87"]
[EventDate "2010.09.21"]
[EventType "team-swiss"]
[EventRounds "11"]
[EventCountry "RUS"]
[SourceTitle "CBM 139"]
[Source "ChessBase"]
[SourceDate "2010.11.18"]
[SourceVersion "1"]
[SourceVersionDate "2010.11.18"]
[SourceQuality "1"]
[WhiteTeam "Zambia"]
[BlackTeam "Libya"]
[WhiteTeamCountry "ZAM"]
[BlackTeamCountry "LBY"]

1. d4 d5 2. c4 c6 3. Nc3 Nf6 4. Nf3 a6 5. a4 e6 6. g3 a5 7. Bg2 Na6 8. 0-0 Be7 9. Qb3 0-0 10. Rd1 Nb4 11. Bd2 b6 12. Ne5 Bb7 13. Be1 c5 14. cxd5 exd5 15. dxc5 Bxc5 16. Nd3 Nxd3 17. Rxd3 Qe7 18. e3 Rad8 19. Rad1 d4 20. Bxb7 Qxb7 21. exd4 Rfe8 22. Qc4 Bb4 23. Bd2 Qd7 24. Bg5 Rc8 25. Qb5 Qxb5 26. Nxb5 Nd5 27. Bd2 Bf8 28. Re1 Rxe1+ 29. Bxe1 Rc1 30. Kf1 Ra1 31. Ke2 Ra2 32. Rd2 Rxa4 33. Nc3 Nxc3+ 34. bxc3 Ra1 35. Rb2 a4 36. Rxb6 a3 37. Rb8 Ra2+ 38. Kd3 Ra1 39. Bd2 Rf1 40. Ra8 Rxf2 41. c4 Rf3+ 42. Kc2 Rf2 43. c5 a2 44. Rxa2 1-0

[Event "Olympiad-39"]
[Site "Khanty-Mansiysk"]
[Date "2010.09.25"]
[Round "5.2"]
[White "Tologontegin, Semetey"]
[Black "Elbaruni, Mohamed"]
[Result "1-0"]
[WhiteElo "2320"]
[BlackElo "2053"]
[PlyCount "72"]
[EventDate "2010.09.21"]
[EventType "team-swiss"]
[EventRounds "11"]
[EventCountry "RUS"]
[SourceTitle "CBM 139"]
[Source "ChessBase"]
[SourceDate "2010.11.18"]
[SourceVersion "1"]
[SourceVersionDate "2010.11.18"]
[SourceQuality "1"]
[WhiteTeam "Kyrgyzstan"]
[BlackTeam "Libya"]
[WhiteTeamCountry "KGZ"]
[BlackTeamCountry "LBY"]

1. d4 d5 2. c4 c6 3. Nf3 Nf6 4. Qc2 a6 5. Bf4 e6 6. Nbd2 Bd6 7. Bg5 Nbd7 8. e3 h6 9. Bh4 0-0 10. Bd3 Re8 11. 0-0 e5 12. cxd5 cxd5 13. dxe5 Nxe5 14. Nxe5 Bxe5 15. Nf3 Bg4 16. Nxe5 Rxe5 17. h3 Bd7 18. Qb3 Bc6 19. Rfd1 Re8 20. Qc3 Qd6 21. Bxf6 gxf6 22. Be2 Qe5 23. Rd4 Kh8 24. Rad1 Rg8 25. Bf3 Rg5 26. Qd2 Rag8 27. Kh1 Qe6 28. b3 Qf5 29. Qd3 Qe6 30. Bg4 f5 31. Bf3 Qg6 32. Rg1 Qg7 33. Rf4 Qg6 34. h4 Rg7 35. Qd4 Qh7 36. Qd3 Rg8 1-0

[Event "Olympiad-39"]
[Site "Khanty-Mansiysk"]
[Date "2010.09.22"]
[Round "2.1"]
[White "Elbaruni, Mohamed"]
[Black "Rosenbeiger, Alan"]
[Result "1-0"]
[WhiteElo "2053"]
[BlackElo "2153"]
[PlyCount "117"]
[EventDate "2010.09.21"]
[EventType "team-swiss"]
[EventRounds "11"]
[EventCountry "RUS"]
[SourceTitle "CBM 139"]
[Source "ChessBase"]
[SourceDate "2010.11.18"]
[SourceVersion "1"]
[SourceVersionDate "2010.11.18"]
[SourceQuality "1"]
[WhiteTeam "Libya"]
[BlackTeam "Jersey"]
[WhiteTeamCountry "LBY"]
[BlackTeamCountry "JCI"]

1. d4 d6 2. Nf3 g6 3. c4 Bg7 4. e4 c6 5. Nc3 Bg4 6. Be3 Nd7 7. Be2 Bxf3 8. Bxf3 Ngf6 9. Qd2 0-0 10. Rd1 a6 11. h3 e5 12. 0-0 Re8 13. Rfe1 Qe7 14. d5 c5 15. a3 Reb8 16. b4 b5 17. bxc5 dxc5 18. Rb1 Ne8 19. cxb5 Nd6 20. Be2 c4 21. a4 f5 22. f3 axb5 23. axb5 Bf6 24. b6 Bh4 25. Rec1 f4 26. b7 Ra6 27. Bf2 Bxf2+ 28. Kxf2 Nc5 29. Kg1 Rxb7 30. Rxb7 Qxb7 31. Rb1 Nb3 32. Qe1 Qa7+ 33. Kh2 Nd4 34. Bf1 Ra3 35. Qh4 Rxc3 36. Qd8+ Kg7 37. Qxd6 Nxf3+ 38. gxf3 Qf2+ 39. Bg2 Rxf3 40. Rb7+ Kh6 41. Qf8+ Kg5 42. Qe7+ Kh6 43. Qxh7+ Kg5 44. Qe7+ Kh6 45. Qg7+ Kg5 46. Qxe5+ Kh6 47. Qh8+ Kg5 48. h4+ Kg4 49. Qc8+ Kxh4 50. Rh7+ Kg5 51. Qd8+ Kg4 52. Rh4+ Qxh4+ 53. Qxh4+ Kxh4 54. Bxf3 Kg5 55. d6 Kf6 56. e5+ Ke6 57. Bg4+ Kf7 58. e6+ Ke8 59. Be2 1-0

[Event "Tripoli op"]
[Site "Tripoli"]
[Date "2010.03.03"]
[Round "6"]
[White "Ben Farahat, Ramadan"]
[Black "Elbaruni, Mohamed"]
[Result "1/2-1/2"]
[WhiteElo "1933"]
[BlackElo "2061"]
[PlyCount "120"]
[EventDate "2010.02.27"]
[EventType "swiss"]
[EventRounds "9"]
[EventCountry "LBY"]
[SourceTitle "CBM 135 Extra"]
[Source "ChessBase"]
[SourceDate "2010.05.04"]
[SourceVersion "1"]
[SourceVersionDate "2010.05.04"]
[SourceQuality "1"]

1. d4 Nf6 2. Nf3 g6 3. g3 Bg7 4. Bg2 0-0 5. 0-0 d5 6. Nbd2 b6 7. c4 c6 8. b3 Bb7 9. Bb2 Nbd7 10. Rc1 Rc8 11. e3 Re8 12. Qe2 Rc7 13. Rfd1 e6 14. Ne5 Nxe5 15. dxe5 Nd7 16. f4 Qe7 17. cxd5 exd5 18. e4 Rec8 19. Rc2 Nf8 20. Rdc1 Qd7 21. Qd3 Ne6 22. b4 dxe4 23. Qxd7 Rxd7 24. Nxe4 Rcd8 25. Nd6 Ba8 26. Ba1 c5 27. Bxa8 Rxa8 28. bxc5 Nxc5 29. Rd2 Rad8 30. Rcd1 Bf8 31. Ne4 Rxd2 32. Rxd2 Rxd2 33. Nxd2 b5 34. Kf1 Nd3 35. Nb3 Nb4 36. Nc1 Bc5 37. Ke2 h5 38. h3 a5 39. Nd3 Be7 40. Nxb4 Bxb4 41. Ke3 a4 42. g4 Be7 43. Kd4 hxg4 44. hxg4 Ba3 45. f5 Bc1 46. Bc3 Ba3 47. Bd2 Kf8 48. Kd5 Ke7 49. Be1 Kd7 50. fxg6 fxg6 51. e6+ Ke8 52. Bf2 Be7 53. Bc5 b4 54. Bd4 Bg5 55. Kc4 Be7 56. Be3 Bd6 57. Bd2 b3 58. axb3 axb3 59. Kxb3 Ke7 60. Kc4 Kxe6 1/2-1/2

[Event "Tripoli op"]
[Site "Tripoli"]
[Date "2010.03.02"]
[Round "5"]
[White "Elbaruni, Mohamed"]
[Black "Mohammad, Samir"]
[Result "0-1"]
[WhiteElo "2061"]
[BlackElo "2347"]
[PlyCount "48"]
[EventDate "2010.02.27"]
[EventType "swiss"]
[EventRounds "9"]
[EventCountry "LBY"]
[SourceTitle "CBM 135 Extra"]
[Source "ChessBase"]
[SourceDate "2010.05.04"]
[SourceVersion "1"]
[SourceVersionDate "2010.05.04"]
[SourceQuality "1"]

1. e4 c5 2. Na3 Nc6 3. Bb5 e6 4. Ne2 Nge7 5. c3 a6 6. Bxc6 Nxc6 7. 0-0 d5 8. Qc2 Be7 9. d3 0-0 10. f4 b5 11. Be3 Bb7 12. Rad1 Rc8 13. Qb1 e5 14. Nc2 d4 15. Bf2 f6 16. b3 dxc3 17. Nxc3 exf4 18. Nd5 Bd6 19. Be1 g5 20. h4 Be5 21. hxg5 fxg5 22. Bf2 Nd4 23. Nxd4 cxd4 24. Nb4 g4 0-1

[Event "Tripoli op"]
[Site "Tripoli"]
[Date "2010.02.28"]
[Round "2"]
[White "Shabash, Abdullatief Mohamed"]
[Black "Elbaruni, Mohamed"]
[Result "1-0"]
[WhiteElo "2178"]
[BlackElo "2061"]
[PlyCount "53"]
[EventDate "2010.02.27"]
[EventType "swiss"]
[EventRounds "9"]
[EventCountry "LBY"]
[SourceTitle "CBM 135 Extra"]
[Source "ChessBase"]
[SourceDate "2010.05.04"]
[SourceVersion "1"]
[SourceVersionDate "2010.05.04"]
[SourceQuality "1"]

1. e4 e5 2. Nf3 Nf6 3. Nxe5 d6 4. Nf3 Nxe4 5. Nc3 Nxc3 6. dxc3 Be7 7. Be3 Nd7 8. Qd2 Nc5 9. 0-0-0 0-0 10. h4 Be6 11. Kb1 c6 12. Ng5 Qa5 13. Nxe6 Nxe6 14. g4 Rfd8 15. Bd3 Nf8 16. f4 d5 17. Qg2 b5 18. f5 b4 19. c4 Nd7 20. cxd5 cxd5 21. g5 Nc5 22. f6 Bf8 23. h5 Rd7 24. Bd4 Nxd3 25. Rxd3 Re8 26. g6 fxg6 27. hxg6 1-0

[Event "Arab Clubs-chT 11th"]
[Site "Tunis"]
[Date "2009.12.14"]
[Round "3"]
[White "Elbaruni, Mohamed"]
[Black "Sultan, Ibrahim"]
[Result "1-0"]
[WhiteElo "2073"]
[BlackElo "1802"]
[PlyCount "71"]
[EventDate "2009.12.12"]
[EventType "team-swiss"]
[EventRounds "9"]
[EventCountry "TUN"]
[SourceTitle "EXT 2020"]
[Source "ChessBase"]
[SourceDate "2019.10.17"]
[SourceVersion "1"]
[SourceVersionDate "2019.10.17"]
[SourceQuality "1"]
[WhiteTeam "Al Dhahra Tripoli"]
[BlackTeam "Dubai"]
[WhiteTeamCountry "LBY"]
[BlackTeamCountry "UAE"]

1. d4 d5 2. Nf3 Nf6 3. Bf4 Bf5 4. e3 c5 5. c4 Nc6 6. Nc3 e6 7. Be2 Qb6 8. Qb3 cxd4 9. exd4 Qxb3 10. axb3 Nb4 11. 0-0 Nd3 12. Bg3 Ne4 13. cxd5 Nxg3 14. hxg3 Nxb2 15. Bb5+ Kd8 16. Ne5 Bg6 17. Nxg6 hxg6 18. Ra2 Bb4 19. Nb1 a6 20. Be2 exd5 21. Rxb2 Ke7 22. Bf3 Ke6 23. Re2+ Kd6 24. Re5 Rh6 25. g4 f6 26. Rxd5+ Ke6 27. Rc1 Re8 28. Nc3 Reh8 29. g3 Rh3 30. Na2 Bd6 31. Re1+ Kd7 32. Nc3 Kc7 33. Ne4 Bb4 34. Rc1+ Kb8 35. Rd7 Ba5 36. Nd6 1-0

[Event "Olympiad-38"]
[Site "Dresden"]
[Date "2008.11.23"]
[Round "10"]
[White "Hamad, Ahmad"]
[Black "Elbaruni, Mohamed"]
[Result "1-0"]
[WhiteElo "2287"]
[BlackElo "2072"]
[PlyCount "37"]
[EventDate "2008.11.13"]
[EventType "team-swiss"]
[EventRounds "11"]
[EventCountry "GER"]
[SourceTitle "CBM 128"]
[Source "ChessBase"]
[SourceDate "2009.01.28"]
[SourceVersion "1"]
[SourceVersionDate "2009.01.28"]
[SourceQuality "1"]
[WhiteTeam "Syria"]
[BlackTeam "Libya"]
[WhiteTeamCountry "SYR"]
[BlackTeamCountry "LBY"]

1. g3 d5 2. f4 Nf6 3. Nf3 c5 4. Bg2 Nc6 5. d3 g6 6. 0-0 Bg7 7. Qe1 0-0 8. e4 dxe4 9. dxe4 Nd4 10. Na3 Nxf3+ 11. Bxf3 e5 12. Qe2 Re8 13. f5 gxf5 14. exf5 Bxf5 15. Bxb7 Be4 16. Rd1 Bxb7 17. Rxd8 Raxd8 18. Bg5 Rd7 19. Bxf6 1-0

[Event "Olympiad-38"]
[Site "Dresden"]
[Date "2008.11.19"]
[Round "6"]
[White "Khamrakulov, Djurabek"]
[Black "Elbaruni, Mohamed"]
[Result "1/2-1/2"]
[WhiteElo "2533"]
[BlackElo "2072"]
[PlyCount "78"]
[EventDate "2008.11.13"]
[EventType "team-swiss"]
[EventRounds "11"]
[EventCountry "GER"]
[SourceTitle "CBM 128"]
[Source "ChessBase"]
[SourceDate "2009.01.28"]
[SourceVersion "1"]
[SourceVersionDate "2009.01.28"]
[SourceQuality "1"]
[WhiteTeam "Uzbekistan"]
[BlackTeam "Libya"]
[WhiteTeamCountry "UZB"]
[BlackTeamCountry "LBY"]

1. e4 e5 2. Nf3 Nf6 3. Nc3 Nc6 4. d4 exd4 5. Nxd4 Bb4 6. Nxc6 bxc6 7. Bd3 d5 8. exd5 cxd5 9. 0-0 0-0 10. Bg5 c6 11. Qf3 Bd6 12. h3 Rb8 13. Na4 Rb4 14. b3 h6 15. Bxf6 Qxf6 16. Qxf6 gxf6 17. Rad1 Kh8 18. Rfe1 Rh4 19. Kf1 Rg8 20. c3 Be6 21. Ba6 Rh5 22. Bb7 Rhg5 23. Bxc6 Rxg2 24. Re3 Rh2 25. Ke2 Rgg2 26. Rf1 Bg3 27. Rf3 Bxh3 28. Kd3 Be5 29. Bxd5 Bg4 30. Re3 Rxf2 31. Rxf2 Rxf2 32. Bxf7 h5 33. Nc5 h4 34. Kc4 h3 35. Nd3 Re2 36. Rxe2 Bxe2 37. Bd5 Bg3 38. Kd4 Bf1 39. Ke3 Kg7 1/2-1/2

[Event "Arab Cities-chT 5th"]
[Site "Beirut"]
[Date "2007.04.09"]
[Round "2"]
[White "Sakr, Nassim"]
[Black "Elbaruni, Mohamed"]
[Result "0-1"]
[WhiteElo "2139"]
[BlackElo "2045"]
[PlyCount "55"]
[EventDate "2007.04.08"]
[EventType "team"]
[EventRounds "9"]
[EventCountry "LBN"]
[SourceTitle "CBM 117 Extra"]
[Source "ChessBase"]
[SourceDate "2007.05.09"]
[SourceVersion "1"]
[SourceVersionDate "2007.05.09"]
[SourceQuality "1"]

1. Nf3 d5 2. d4 c6 3. e3 Nf6 4. Nbd2 e6 5. Bd3 Bd6 6. Ne5 Nbd7 7. f4 c5 8. c3 c4 9. Bc2 Qc7 10. 0-0 b6 11. e4 Bb7 12. Nxf7 Kxf7 13. e5 Be7 14. f5 exf5 15. exf6 Nxf6 16. Rxf5 Bc8 17. Rf1 Bd6 18. Nf3 Rf8 19. Ng5+ Kg8 20. Nxh7 Bg4 21. Nxf6+ Rxf6 22. Qe1 Bxh2+ 23. Kh1 Bg3 24. Rxf6 Bxe1 25. Rg6 Rf8 26. Bf4 Qxf4 27. Rxe1 Qf2 28. Re7 0-1